Mont Cant gold / (Record no. 9082)
[ view plain ]
| 000 -LEADER | |
|---|---|
| fixed length control field | 00798nam a2200265 a 4500 |
| 001 - CONTROL NUMBER | |
| JCCL Control Number | 9082 |
| 003 - CONTROL NUMBER IDENTIFIER | |
| JCCL marc code | BD-JhCC |
| 005 - DATE AND TIME OF LATEST TRANSACTION | |
| control field | 20180925121208.0 |
| 008 - FIXED-LENGTH DATA ELEMENTS--GENERAL INFORMATION | |
| fixed length control field | 180308s1981 nyua j 000 1 eng d |
| 020 ## - INTERNATIONAL STANDARD BOOK NUMBER | |
| International Standard Book Number | 0689308086 |
| 035 ## - SYSTEM CONTROL NUMBER | |
| system control number | (BD-JhCC)9082 |
| 040 ## - CATALOGING SOURCE | |
| Original cataloging agency | BD-JhCC |
| Transcribing agency | DLC |
| Modifying agency | BD-JhCC |
| 041 ## - LANGUAGE CODE | |
| Language code of Book | eng |
| 050 00 - LIBRARY OF CONGRESS CALL NUMBER | |
| Classification number | PZ7.F5347 |
| Item number | Mo 1981 |
| 082 00 - DEWEY DECIMAL CLASSIFICATION NUMBER | |
| Classification number | 123.149 |
| DDC Edition number | 19 |
| Author mark and Year | FIS 1981 |
| 100 1# - MAIN ENTRY--PERSONAL NAME | |
| Personal name | Fisher, Paul R., |
| Dates associated with a name | 1960- |
| 245 10 - TITLE STATEMENT | |
| Title | Mont Cant gold / |
| Statement of responsibility, etc | Paul R. Fisher. |
| 250 ## - EDITION STATEMENT | |
| Edition statement | 1st ed. |
| 260 ## - PUBLICATION, DISTRIBUTION, ETC. (IMPRINT) | |
| Place of publication, distribution, etc | New York : |
| Name of publisher, distributor, etc | Atheneum, |
| Date of publication, distribution, etc | 1981. |
| 300 ## - PHYSICAL DESCRIPTION | |
| Pagination | 251 p. : |
| Other physical details | ill. ; |
| Dimensions | 22 cm. |
| 520 ## - SUMMARY, ETC. | |
| Summary, etc | Intrigues and difficulties endanger the life of Rhian Mont Cant, but also bring him the approval of the seven fates that control his world's destiny. |
| 650 #1 - SUBJECT ADDED ENTRY--TOPICAL TERM | |
| Topical term or geographic name as entry element | Fantasy. |
| 942 ## - ADDED ENTRY ELEMENTS (KOHA) | |
| Source of classification or shelving scheme | Dewey Decimal Classification |
| Koha item type | Books |
| Source of classification or shelving scheme | Damaged status | Not for loan | Home library | Current library | Shelving location | Source of acquisition | Total Checkouts | Full call number | Barcode | Date last seen | Copy number | Koha item type |
|---|---|---|---|---|---|---|---|---|---|---|---|---|
| Dewey Decimal Classification | JCC Rouf Library | JCC Rouf Library | General Stacks | Asia Foundation | 823.149 FIS 1981 | 12098 | 03/08/2018 | C - 1 | Books |